Anterior Body Muscles - Statistics

General Stats
  • This quiz has been taken 112 times
  • The average score is 7 of 16
Answer Stats
Picture Answer % Correct
Deltoid
95%
Pectoralis
76%
Biceps Brachii
70%
Rectus Femoris
52%
Tibialis Anterior
50%
Rectus Abdominis
49%
Vastus Lateralis
49%
Vastus Medialis
49%
Sartorius
48%
Sternocleidomastoid
43%
Gracilis
39%
Adductors
33%
Oblique
32%
Tensor Fascia Latae
24%
Peronus longus
15%
Transverse Abdominus
7%
No matching quizzes found
Score Distribution
Percent of People with Each Score
Percentile by Number Answered
Your Score History
You have not taken this quiz